| 000 | 00729nam a2200253Ka 4500 | ||
|---|---|---|---|
| 999 |
_c8949 _d8949 |
||
| 001 | 821842567 | ||
| 003 | OCoLC | ||
| 005 | 20241126110702.0 | ||
| 008 | 121218s1989 miu 000 0beng | ||
| 020 | _a0310217709 | ||
| 020 | _a9780310217701 | ||
| 035 | _a(OCoLC)821842567 | ||
| 040 |
_aCIRBC _cCIRBC |
||
| 050 | 0 | 0 |
_aBS2555.4 _b.G57 1989 |
| 082 |
_a232.9 _bGIR |
||
| 092 |
_a232.9 _bG524 |
||
| 100 | 1 |
_aGire, Ken. _98467 |
|
| 245 | 1 | 0 |
_aIntimate moments with the Savior : _blearning to love / _cKen Gire. |
| 260 |
_aGrand Rapids, Mich. : _bZondervan, _cc1989. |
||
| 300 |
_axiv, 145 p. ; _c21 cm. |
||
| 600 | 0 | 0 |
_aJesus Christ _vMeditations. _915652 |
| 630 | 0 | 0 |
_aBible. _pN.T. _pGospels _vMeditations. _915653 |
| 942 |
_2ddc _cBK |
||